[Event "SV Unna 1 - SC Listiger Bauer Essen 1"]
[Site "Verbandsklasse - Gruppe 3 201"]
[Date "2019.05.05"]
[Round "9.3"]
[White "Mandl, Stefan"]
[Black "Eichhorn, Robin"]
[Result "0-1"]
[WhiteElo "1929"]
[BlackElo "1774"]
[PlyCount "76"]
[EventDate "2019.??.??"]

1. e4 d6 2. d4 g6 3. Nc3 Bg7 4. Be3 Nf6 5. Qd2 Ng4 6. Bg5 Nc6 7. Nge2 f6 8. Bh4
e5 9. h3 Nh6 10. O-O-O Nf7 11. Kb1 g5 12. Bg3 f5 13. f3 Nxd4 14. Nxd4 exd4 15.
Nb5 f4 16. Bf2 c5 17. Bc4 Ne5 18. Bd5 a6 19. Na3 Rb8 20. h4 h6 21. hxg5 hxg5
22. Rxh8+ Bxh8 23. c3 dxc3 24. Qxc3 Qf6 25. Qd2 b5 26. Rh1 Bg7 27. Rh7 Kf8 28.
Kc2 Be6 29. Bxe6 Qxe6 30. Qa5 Qc8 31. Qd2 Qc6 32. Kb1 Kg8 33. Rh5 b4 34. Nc2 b3
35. axb3 Rxb3 36. Rxg5 Nd3 37. Qa5 Rxb2+ 38. Ka1 Rxc2+ 0-1

[Event "SV Unna 1 - SC Listiger Bauer Essen 1"]
[Site "Verbandsklasse - Gruppe 3 201"]
[Date "2019.05.05"]
[Round "9.4"]
[White "Bertschik, Jonas"]
[Black "Ball, Jörg"]
[Result "1/2-1/2"]
[WhiteElo "1686"]
[BlackElo "1914"]
[Annotator "Gernot"]
[PlyCount "80"]
[EventDate "2019.??.??"]

1. d4 f5 2. Nf3 Nf6 3. Bf4 d5 4. e3 e6 5. Bd3 c5 6. c3 Nc6 7. O-O Bd6 8. Bxd6
Qxd6 9. Nbd2 O-O 10. dxc5 Qxc5 11. Nb3 Qe7 12. Nfd4 Bd7 13. Qe2 Rac8 14. Rac1
Ne5 15. Rfd1 Nc4 16. Bxc4 Rxc4 17. Nd2 Rc7 18. Nb5 Bxb5 19. Qxb5 Rfc8 20. Nb3
e5 21. Qd3 g6 22. Qd2 Qg7 23. f4 e4 24. Nd4 Qd7 25. h3 a6 26. Qf2 Ne8 27. Nb3
Qf7 28. Qd2 Nf6 29. Nd4 $11 b5 30. a3 Nd7 31. Nb3 Nb6 32. Na5 Qe6 33. Qd4 Rd7
34. Nb3 Qd6 35. Na5 Qc7 36. Rd2 Kf7 37. Rcd1 Na4 38. Nb3 Nb6 39. Na5 Na4 40.
Nb3 Nb6 1/2-1/2

[Event "SV Unna 1 - SC Listiger Bauer Essen 1"]
[Site "Verbandsklasse - Gruppe 3 201"]
[Date "2019.05.05"]
[Round "9.5"]
[White "Wagner, Ole"]
[Black "Watzlawek, Volker"]
[Result "1/2-1/2"]
[WhiteElo "1889"]
[BlackElo "1655"]
[PlyCount "24"]
[EventDate "2019.??.??"]

1. Nf3 d5 2. d4 e6 3. Bf4 f5 4. e3 Nf6 5. Be2 Bd6 6. Ne5 O-O 7. Nd2 Nbd7 8. O-O
Ne4 9. Nxe4 fxe4 10. Nxd7 Bxd7 11. Bxd6 cxd6 12. c3 Qg5 1/2-1/2

[Event "SV Unna 1 - SC Listiger Bauer Essen 1"]
[Site "Verbandsklasse - Gruppe 3 201"]
[Date "2019.05.05"]
[Round "9.6"]
[White "Burosch, Raimund"]
[Black "Petri, Norbert"]
[Result "1/2-1/2"]
[WhiteElo "1395"]
[BlackElo "1881"]
[PlyCount "45"]
[EventDate "2019.??.??"]

1. e4 d6 2. d3 g6 3. Nf3 Bg7 4. g3 c5 5. Bg2 e6 6. O-O Ne7 7. Nbd2 O-O 8. c3
Nbc6 9. Re1 Rb8 10. Nf1 h6 11. h4 e5 12. N1h2 Be6 13. Be3 b6 14. d4 exd4 15.
cxd4 d5 16. e5 Nf5 17. dxc5 Nxe3 18. Rxe3 bxc5 19. b3 Qb6 20. Rc1 Rfd8 21. g4
c4 22. bxc4 dxc4 23. Qe2 1/2-1/2

[Event "SV Unna 1 - SC Listiger Bauer Essen 1"]
[Site "Verbandsklasse - Gruppe 3 201"]
[Date "2019.05.05"]
[Round "9.8"]
[White "Von der Brelie, Elias"]
[Black "Reich, Andreas"]
[Result "0-1"]
[WhiteElo "1038"]
[BlackElo "1803"]
[PlyCount "118"]
[EventDate "2019.??.??"]

1. d4 Nf6 2. Bf4 e6 3. e3 b6 4. Nf3 Bb7 5. Bd3 Be7 6. O-O O-O 7. c3 h6 8. h3 d6
9. Nbd2 Nbd7 10. Qc2 Re8 11. Rfe1 Nf8 12. Rad1 Rc8 13. a3 c5 14. Ne4 Nxe4 15.
Bxe4 Bxe4 16. Qxe4 d5 17. Qc2 Ng6 18. Bh2 Bf6 19. Qe2 cxd4 20. cxd4 Qd7 21. Rc1
Qa4 22. Qd2 Be7 23. Rc3 Qd7 24. Rec1 Rxc3 25. Rxc3 Rc8 26. Qc2 Rxc3 27. Qxc3
Qa4 28. Bb8 Qd7 29. Qc7 Qxc7 30. Bxc7 f6 31. a4 Kf7 32. g4 Ke8 33. a5 bxa5 34.
Bxa5 Kd7 35. Kf1 Kc6 36. Ke2 Kb5 37. Bd2 Kc4 38. Bc1 Kb3 39. Kd3 Bb4 40. h4 Ne7
41. Nd2+ Bxd2 42. Kxd2 f5 43. g5 h5 44. f3 Ng6 45. f4 Nxh4 46. Kd3 Nf3 47. g6
a5 48. Ke2 Kc2 49. Kxf3 Kxc1 50. b3 Kc2 51. Kg3 Kxb3 52. Kh4 Kc4 53. Kxh5 a4
54. Kh4 a3 55. Kg3 a2 56. Kf3 a1=Q 57. Kg3 Qf1 58. Kh4 Qg2 59. Kh5 Qg4# 0-1

[Event "SV Welper 2 - SF Kirchhellen 1"]
[Site "Verbandsklasse - Gruppe 3 201"]
[Date "2019.05.05"]
[Round "9.1"]
[White "Sinnwell, Horst"]
[Black "Marx, Patrick"]
[Result "1-0"]
[WhiteElo "2037"]
[BlackElo "1925"]
[PlyCount "27"]
[EventDate "2019.??.??"]

1. Nf3 d5 2. c4 c6 3. e3 Nf6 4. d4 e6 5. Nbd2 Nbd7 6. Bd3 a6 7. O-O dxc4 8.
Nxc4 b5 9. Nce5 Nxe5 10. Nxe5 Bb7 11. Qe2 c5 12. Bxb5+ axb5 13. Qxb5+ Nd7 14.
Qxb7 1-0

[Event "SV Welper 2 - SF Kirchhellen 1"]
[Site "Verbandsklasse - Gruppe 3 201"]
[Date "2019.05.05"]
[Round "9.3"]
[White "Borgs, Martin"]
[Black "Teich, Udo"]
[Result "1/2-1/2"]
[WhiteElo "1969"]
[BlackElo "1893"]
[PlyCount "23"]
[EventDate "2019.??.??"]

1. d4 d5 2. c4 dxc4 3. Nf3 Nf6 4. e3 e6 5. Bxc4 c5 6. O-O a6 7. a4 Nc6 8. Nc3
Be7 9. Rb1 O-O 10. b3 Qc7 11. Qe2 Rd8 12. Rd1 1/2-1/2

[Event "SV Welper 2 - SF Kirchhellen 1"]
[Site "Verbandsklasse - Gruppe 3 201"]
[Date "2019.05.05"]
[Round "9.4"]
[White "Leimkuehler, Dirk"]
[Black "Schueppel, Werner"]
[Result "1/2-1/2"]
[WhiteElo "1804"]
[BlackElo "1938"]
[PlyCount "28"]
[EventDate "2019.??.??"]

1. f4 g6 2. Nf3 Bg7 3. g3 d6 4. Bg2 Nc6 5. d3 e5 6. c3 Nge7 7. e4 O-O 8. O-O h6
9. fxe5 Nxe5 10. d4 Nxf3+ 11. Bxf3 Bh3 12. Rf2 Kh7 13. g4 Ng8 14. Qd3 Qh4
1/2-1/2

[Event "SV Welper 2 - SF Kirchhellen 1"]
[Site "Verbandsklasse - Gruppe 3 201"]
[Date "2019.05.05"]
[Round "9.6"]
[White "Sharma, Rakesh"]
[Black "Belitz, Marco"]
[Result "1/2-1/2"]
[WhiteElo "1849"]
[BlackElo "1815"]
[PlyCount "21"]
[EventDate "2019.??.??"]

1. d4 Nf6 2. Bg5 d5 3. Bxf6 exf6 4. e3 Bd6 5. Bd3 c6 6. Nc3 O-O 7. Qd2 Nd7 8.
Nge2 Re8 9. O-O-O b5 10. Ng3 Nb6 11. Rde1 1/2-1/2

[Event "SV Welper 2 - SF Kirchhellen 1"]
[Site "Verbandsklasse - Gruppe 3 201"]
[Date "2019.05.05"]
[Round "9.8"]
[White "Volbracht, Michael"]
[Black "Langer, Raimund"]
[Result "1/2-1/2"]
[WhiteElo "1683"]
[BlackElo "1777"]
[PlyCount "31"]
[EventDate "2019.??.??"]

1. e4 e5 2. Nf3 Nc6 3. Bb5 a6 4. Ba4 Nf6 5. O-O Be7 6. Re1 b5 7. Bb3 O-O 8. c3
d6 9. h3 Bb7 10. d4 Re8 11. Nbd2 Bf8 12. d5 Nb8 13. Nf1 Nbd7 14. Ng3 g6 15. Bc2
c5 16. Be3 1/2-1/2

[Event "Mülheim-Nord 4-Rochade Rüttenscheid 1"]
[Site "Verbandsklasse - Gruppe 3 201"]
[Date "2019.05.05"]
[Round "9.1"]
[White "Lindenmaier, Reinhard"]
[Black "Oltmanns, Jan"]
[Result "1-0"]
[WhiteElo "2037"]
[BlackElo "1929"]
[PlyCount "79"]
[EventDate "2019.??.??"]

1. c4 Nf6 2. g3 Nc6 3. Bg2 e5 4. Nc3 Bc5 5. e3 O-O 6. Nge2 d6 7. O-O Bf5 8. d4
exd4 9. exd4 Bb6 10. a3 a5 11. Bg5 Bg4 12. h3 Bxe2 13. Nxe2 h6 14. Be3 d5 15.
c5 Ba7 16. Nc3 b6 17. cxb6 Bxb6 18. Rc1 Qd7 19. Na4 Rab8 20. Nxb6 cxb6 21. Qd3
Rfc8 22. Bf4 Rb7 23. g4 a4 24. Be5 Nxe5 25. dxe5 Rxc1 26. Rxc1 Ne4 27. Bxe4
dxe4 28. Qxe4 Rc7 29. Rxc7 Qxc7 30. Qxa4 Qc1+ 31. Kg2 Qxb2 32. Qe8+ Kh7 33.
Qxf7 Qxe5 34. Qf5+ Qxf5 35. gxf5 Kg8 36. Kf3 Kf7 37. Ke4 Kf6 38. a4 h5 39. h4
Kf7 40. Kd5 1-0

[Event "Mülheim-Nord 4-Rochade Rüttenscheid 1"]
[Site "Verbandsklasse - Gruppe 3 201"]
[Date "2019.05.05"]
[Round "9.2"]
[White "Kremer, Moritz"]
[Black "Dorgarten, Armin"]
[Result "1/2-1/2"]
[WhiteElo "1898"]
[BlackElo "1901"]
[PlyCount "56"]
[EventDate "2019.??.??"]

1. Nf3 Nf6 2. g3 g6 3. b3 Bg7 4. Bb2 O-O 5. Bg2 d6 6. d4 Nc6 7. O-O e5 8. dxe5
Ng4 9. Nbd2 Ngxe5 10. Nxe5 Nxe5 11. Kh1 Rb8 12. Nf3 Qe7 13. Nxe5 Bxe5 14. Bxe5
dxe5 15. e4 f6 16. Qe2 Be6 17. Rfd1 Rfd8 18. Bf3 a6 19. Rxd8+ Rxd8 20. Rd1
Rxd1+ 21. Qxd1 Qd7 22. Qxd7 Bxd7 23. Be2 Be6 24. Kg2 Kf7 25. Kf3 Ke7 26. Ke3 a5
27. a3 c5 28. f4 h6 1/2-1/2

[Event "Mülheim-Nord 4-Rochade Rüttenscheid 1"]
[Site "Verbandsklasse - Gruppe 3 201"]
[Date "2019.05.05"]
[Round "9.4"]
[White "Kelm, Marcel"]
[Black "Storp, Thomas"]
[Result "0-1"]
[WhiteElo "1836"]
[BlackElo "1831"]
[PlyCount "35"]
[EventDate "2019.??.??"]

1. Nf3 Nf6 2. g3 d5 3. Bg2 e6 4. d4 c5 5. O-O Nc6 6. c4 cxd4 7. Nxd4 Bc5 8.
Nxc6 bxc6 9. Nc3 O-O 10. Qa4 Bd7 11. Bg5 h6 12. Bf4 Re8 13. Rad1 Qe7 14. e4 e5
15. Bc1 d4 16. Ne2 Reb8 17. Qc2 Be6 18. f4 0-1

[Event "Mülheim-Nord 4-Rochade Rüttenscheid 1"]
[Site "Verbandsklasse - Gruppe 3 201"]
[Date "2019.05.05"]
[Round "9.5"]
[White "Bruckmann, Jochen"]
[Black "Bartelt, Max Peter"]
[Result "0-1"]
[WhiteElo "1776"]
[BlackElo "1771"]
[Annotator "Daniel"]
[PlyCount "130"]
[EventDate "2019.??.??"]

1. e4 e6 2. d4 d5 3. Nd2 Nf6 4. e5 Nfd7 5. Ngf3 c5 6. c3 Nc6 7. Be2 Qb6 8. Qb3
f6 9. Qxb6 axb6 10. exf6 gxf6 11. Nb3 Bd6 12. Be3 $11 c4 13. Nbd2 e5 14. dxe5
fxe5 15. Nh4 Ne7 16. Bh5+ Kd8 17. Bg5 Nc5 18. O-O Kc7 19. Be2 Nf5 20. a3 Rg8
21. Nxf5 Bxf5 22. Bh4 Bd3 23. Rfe1 Raf8 24. b4 cxb3 25. Bxd3 Nxd3 26. Re3 b2
27. Rd1 e4 28. Nb1 Bc5 29. Rexd3 exd3 30. Rxd3 Ra8 31. Rxd5 Rxa3 32. Nxa3 Bxa3
33. Rd1 Ra8 34. c4 Bc5 35. Bf6 Ra2 36. Rb1 Ba3 37. Kf1 Kc6 38. Ke2 Kc5 39. Be7+
Kxc4 40. Bxa3 Rxa3 41. Rxb2 $11 b5 42. Rc2+ Kb3 43. Rc7 b6 44. Rxh7 b4 45. f4
Ka2 46. f5 b3 47. Rb7 Ra6 48. f6 b2 49. f7 b1=Q 50. f8=Q Qe4+ 51. Kf2 Qxb7 52.
Qg8+ Ka3 53. Qg3+ Kb4 54. Qf4+ Kc5 55. Qe5+ Qd5 56. Qc3+ Kd6 57. Qf6+ Kc7 58.
Qf4+ Kb7 59. g4 Ra2+ 60. Kg3 Qg2+ 61. Kh4 Qxh2+ 62. Qxh2 Rxh2+ 63. Kg3 Rh8 64.
g5 b5 65. Kf4 Rg8 0-1

[Event "Mülheim-Nord 4-Rochade Rüttenscheid 1"]
[Site "Verbandsklasse - Gruppe 3 201"]
[Date "2019.05.05"]
[Round "9.6"]
[White "Stadel, Michael"]
[Black "Furchtbar, Uwe"]
[Result "1/2-1/2"]
[WhiteElo "1632"]
[BlackElo "1778"]
[PlyCount "44"]
[EventDate "2019.??.??"]

1. e4 e6 2. d4 d5 3. exd5 exd5 4. Bd3 Nc6 5. c3 Bd6 6. Nf3 Nge7 7. O-O Bg4 8.
Bg5 f6 9. Bh4 Qd7 10. Bg3 O-O-O 11. Nbd2 h5 12. b4 h4 13. Bxd6 Qxd6 14. a4 Bf5
15. Nb3 g5 16. b5 Nb8 17. h3 Qf4 18. Nc5 Nd7 19. Bxf5 Qxf5 20. Nd3 g4 21. hxg4
Qxg4 22. Nh2 Qg7 1/2-1/2

[Event "Mülheim-Nord 4-Rochade Rüttenscheid 1"]
[Site "Verbandsklasse - Gruppe 3 201"]
[Date "2019.05.05"]
[Round "9.7"]
[White "Luecking, Joerg"]
[Black "Schulz, Hans"]
[Result "1-0"]
[WhiteElo "1714"]
[BlackElo "1308"]
[PlyCount "47"]
[EventDate "2019.??.??"]

1. e4 c5 2. c3 a6 3. d4 cxd4 4. cxd4 e6 5. Nf3 h6 6. Bd3 Nf6 7. O-O Nc6 8. a3
g6 9. Nc3 Bg7 10. e5 Nh7 11. Ne4 O-O 12. Nd6 Qc7 13. Qc2 f5 14. Nh4 Qb6 15.
Nxg6 Qxd4 16. Be3 Qg4 17. Nxf8 Nxf8 18. f4 Rb8 19. Rf3 Qg6 20. Rg3 Qh7 21. Qe2
Ne7 22. h4 b5 23. Ne8 Kf7 24. Rxg7+ 1-0

[Event "Mülheim-Nord 4-Rochade Rüttenscheid 1"]
[Site "Verbandsklasse - Gruppe 3 201"]
[Date "2019.05.05"]
[Round "9.8"]
[White "Forstmann, Horst"]
[Black "Goedicke, Oliver"]
[Result "0-1"]
[WhiteElo "1305"]
[BlackElo "1694"]
[PlyCount "52"]
[EventDate "2019.??.??"]

1. e4 e5 2. Nf3 d6 3. d4 exd4 4. Nxd4 Nf6 5. Nc3 Be7 6. Be2 O-O 7. O-O a6 8.
Be3 c5 9. Nb3 b5 10. a3 Bb7 11. Nd2 Nbd7 12. f4 d5 13. exd5 Nxd5 14. Nxd5 Bxd5
15. c4 bxc4 16. Nxc4 Nf6 17. Nd2 Qc8 18. Rc1 Qe6 19. Bxc5 Bxc5+ 20. Kh1 Be3 21.
f5 Qd7 22. Rc3 Bxd2 23. Rd3 Bg5 24. Bf3 Rad8 25. Re1 Bxf3 26. Rxd7 Bxd1 0-1

[Event "SV Waltrop 1 - SF Brackel 4"]
[Site "Verbandsklasse - Gruppe 3 201"]
[Date "2019.05.05"]
[Round "9.1"]
[White "Fiebig, Thomas"]
[Black "Gasper, Joern"]
[Result "1-0"]
[WhiteElo "2412"]
[BlackElo "2060"]
[PlyCount "83"]
[EventDate "2019.??.??"]

1. e4 e5 2. Nf3 Nc6 3. Nc3 Nf6 4. d4 exd4 5. Nxd4 Bb4 6. Nxc6 bxc6 7. Bd3 d5 8.
exd5 O-O 9. O-O Bg4 10. Be2 Bxe2 11. Nxe2 cxd5 12. Bg5 h6 13. Bxf6 Qxf6 14. c3
Bd6 15. Qxd5 Rad8 16. Qc4 Rfe8 17. Rad1 Qe7 18. Ng3 Bxg3 19. hxg3 Rxd1 20. Rxd1
Qe2 21. Qxe2 Rxe2 22. Rd8+ Kh7 23. Rb8 Re1+ 24. Kh2 Ra1 25. a3 f5 26. Rb7 Rb1
27. f3 h5 28. f4 a6 29. c4 Rc1 30. Rxc7 Rc2 31. b3 Ra2 32. a4 Rb2 33. Rb7 a5
34. c5 Rc2 35. Rb5 Rc3 36. c6 Kg6 37. Rxa5 Rxc6 38. b4 Rc1 39. b5 Rb1 40. Ra6+
Kf7 41. b6 g6 42. a5 1-0

[Event "SV Waltrop 1 - SF Brackel 4"]
[Site "Verbandsklasse - Gruppe 3 201"]
[Date "2019.05.05"]
[Round "9.2"]
[White "Eckert, Marius"]
[Black "Friedrichs, Klaus"]
[Result "0-1"]
[WhiteElo "2115"]
[BlackElo "2243"]
[PlyCount "76"]
[EventDate "2019.??.??"]

1. d4 Nf6 2. Bf4 d5 3. e3 c5 4. c3 Nc6 5. Nd2 Bf5 6. Qb3 Qd7 7. Ngf3 c4 8. Qd1
e6 9. a4 Bd6 10. Bxd6 Qxd6 11. b3 cxb3 12. Qxb3 O-O 13. Be2 Rfc8 14. O-O Na5
15. Qb5 Qd8 16. Rfc1 Ne8 17. Bd3 Nd6 18. Qb1 Bxd3 19. Qxd3 Rc7 20. Rab1 Rac8
21. Nb3 Nxb3 22. Rxb3 Rc4 23. h4 h6 24. g3 Rxa4 25. Nd2 Qa5 26. Kg2 Ra2 27. g4
Qa4 28. Rcb1 b6 29. g5 hxg5 30. hxg5 g6 31. e4 dxe4 32. Qh3 Rxd2 33. Rh1 Kf8
34. Qh8+ Ke7 35. Qf6+ Kd7 36. Rbb1 e3 37. Rhf1 Qc2 38. Kg3 Ne4+ 0-1

[Event "SV Waltrop 1 - SF Brackel 4"]
[Site "Verbandsklasse - Gruppe 3 201"]
[Date "2019.05.05"]
[Round "9.3"]
[White "Albers, Damian"]
[Black "Dunsche, Daniel"]
[Result "1/2-1/2"]
[WhiteElo "2048"]
[BlackElo "1930"]
[PlyCount "111"]
[EventDate "2019.??.??"]

1. e4 e6 2. d3 d5 3. Nd2 Nf6 4. g3 c5 5. Bg2 Nc6 6. Ngf3 Be7 7. O-O O-O 8. Re1
b5 9. e5 Nd7 10. Nf1 Qc7 11. Bf4 Bb7 12. h4 Rfc8 13. N1h2 Nd4 14. c3 Nxf3+ 15.
Nxf3 a5 16. Ng5 h6 17. Nxe6 fxe6 18. Qg4 Kh8 19. Qxe6 Nf8 20. Qf5 Qd7 21. e6
Qd8 22. c4 Nh7 23. cxd5 Nf6 24. d6 Bxg2 25. d7 Bb7 26. dxc8=Q Qxc8 27. f3 Bxf3
28. Qe5 Bb7 29. Qc7 Nd5 30. Qxc8+ Bxc8 31. Kh2 Ra6 32. a4 b4 33. Re5 Nc7 34. d4
Bd6 35. Re4 Bxe6 36. dxc5 Bxf4 37. gxf4 Rc6 38. Re5 Bb3 39. f5 Na6 40. Rg1 Kg8
41. Re8+ Kf7 42. Ra8 Nxc5 43. Ra7+ Kf8 44. Ra8+ Kf7 45. Ra7+ Kf8 46. Rxa5 Nxa4
47. Ra8+ Kf7 48. Ra7+ Kf8 49. Rgxg7 Nxb2 50. Rgb7 Rc2+ 51. Kg3 Rc3+ 52. Kf2
Nd3+ 53. Kg1 Rc1+ 54. Kh2 Re1 55. Rh7 Re2+ 56. Kg1 1/2-1/2

[Event "SV Waltrop 1 - SF Brackel 4"]
[Site "Verbandsklasse - Gruppe 3 201"]
[Date "2019.05.05"]
[Round "9.4"]
[White "Drewes, Martin"]
[Black "Reisberg, Andre"]
[Result "0-1"]
[WhiteElo "1934"]
[BlackElo "1994"]
[PlyCount "74"]
[EventDate "2019.??.??"]

1. e4 e6 2. d4 d5 3. e5 c5 4. c3 Bd7 5. Be3 Nc6 6. Nf3 cxd4 7. cxd4 Rc8 8. Nc3
a6 9. Rc1 Bb4 10. Bd3 Na5 11. O-O Ne7 12. Nd2 Ng6 13. g3 f5 14. exf6 Qxf6 15.
Qh5 O-O 16. Kg2 Be8 17. Qg4 Bxc3 18. bxc3 h5 19. Qg5 Qxg5 20. Bxg5 Nc6 21. Rfe1
Nh8 22. Nf3 Bd7 23. h4 b5 24. Bd2 Rf6 25. Ng5 g6 26. Re2 Kg7 27. Rce1 Re8 28.
Nh3 Nf7 29. Nf4 Nd6 30. Nxd5 exd5 31. Rxe8 Nxe8 32. Bf4 Re6 33. Rb1 Nd6 34. a4
Ne7 35. axb5 Bxb5 36. Bxd6 Bxd3 37. Rb6 Kf7 0-1

[Event "SV Waltrop 1 - SF Brackel 4"]
[Site "Verbandsklasse - Gruppe 3 201"]
[Date "2019.05.05"]
[Round "9.5"]
[White "Krueger, Sven"]
[Black "Breidenbach, Rolf"]
[Result "1/2-1/2"]
[WhiteElo "1952"]
[BlackElo "1895"]
[PlyCount "87"]
[EventDate "2019.??.??"]

1. e4 g6 2. d4 Bg7 3. Nc3 c6 4. Be3 b5 5. a3 d6 6. Nf3 Nd7 7. Qd2 a6 8. Be2 Nb6
9. b3 Bb7 10. O-O Nf6 11. Rad1 O-O 12. Bh6 Qc7 13. Bxg7 Kxg7 14. e5 Ne8 15. Ne4
Bc8 16. c4 Bf5 17. Ng3 Bg4 18. Qc3 d5 19. cxb5 cxb5 20. Rc1 Qb7 21. Qc6 Ra7 22.
h3 Bxf3 23. Bxf3 Nc7 24. Bg4 h5 25. Bf3 Ne6 26. Qxb7 Rxb7 27. Ne2 Rd8 28. Rc6
Rdd7 29. Rfc1 Rdc7 30. h4 Kf8 31. g4 hxg4 32. Bxg4 Rxc6 33. Rxc6 Nd8 34. Rc5 e6
35. f4 Ke7 36. Kf2 Kd7 37. h5 gxh5 38. Bxh5 Rc7 39. Rxc7+ Kxc7 40. Ke3 Kc6 41.
Kd3 a5 42. Kc3 Nc8 43. Ng3 Ne7 44. Bg4 1/2-1/2

[Event "SV Waltrop 1 - SF Brackel 4"]
[Site "Verbandsklasse - Gruppe 3 201"]
[Date "2019.05.05"]
[Round "9.6"]
[White "Sehrbrock, Christoph"]
[Black "Klukas, Achim"]
[Result "1/2-1/2"]
[WhiteElo "1766"]
[BlackElo "1996"]
[PlyCount "90"]
[EventDate "2019.??.??"]

1. e4 d5 2. exd5 Qxd5 3. Nc3 Qd6 4. d4 Nf6 5. Bc4 a6 6. Bb3 Nc6 7. Nge2 Bg4 8.
f3 Bf5 9. Bf4 e5 10. dxe5 Nxe5 11. Qd4 Nfd7 12. Nd5 Be6 13. O-O-O c6 14. Bxe5
Nxe5 15. Nb6 Rd8 16. Bxe6 fxe6 17. Qf4 Qc5 18. Rxd8+ Kxd8 19. Rd1+ Bd6 20. Qg5+
Kc7 21. Qxg7+ Kxb6 22. Qxh8 Qe3+ 23. Rd2 Bc5 24. Qxh7 Qf2 25. Qe4 Be3 26. Qb4+
Ka7 27. Kb1 Qe1+ 28. Nc1 Bxd2 29. Qc5+ Kb8 30. Qd6+ Kc8 31. Qxe6+ Kc7 32. Qe7+
Kb6 33. Qd8+ Kb5 34. a4+ Kxa4 35. b3+ Kb5 36. c4+ Kc5 37. Qe7+ Kb6 38. Qd8+ Kc5
39. Qe7+ Kd4 40. Qd6+ Kc3 41. Qa3 Nd3 42. b4+ Kxc4 43. Qxd3+ Kxb4 44. Qd4+ Kb5
45. Qd3+ Kb4 1/2-1/2

[Event "SV Waltrop 1 - SF Brackel 4"]
[Site "Verbandsklasse - Gruppe 3 201"]
[Date "2019.05.05"]
[Round "9.7"]
[White "Siebert, Martin"]
[Black "Neumann, Robert"]
[Result "1-0"]
[WhiteElo "1945"]
[BlackElo "1825"]
[PlyCount "67"]
[EventDate "2019.??.??"]

1. e4 e5 2. Nf3 Nc6 3. Bb5 a6 4. Bxc6 dxc6 5. d3 Bd6 6. O-O Bg4 7. c3 c5 8. a4
Ne7 9. h3 Bh5 10. Be3 O-O 11. Nbd2 Nc6 12. Qe2 a5 13. Rad1 Qe7 14. Rfe1 f6 15.
g4 Bf7 16. Nh4 g6 17. Bh6 Rfe8 18. Ndf3 Bb3 19. Ra1 Be6 20. Kh1 g5 21. Nf5 Bxf5
22. gxf5 Qf7 23. Rg1 Qh5 24. Bxg5 Qxh3+ 25. Nh2 Kg7 26. Rg3 Qxg3 27. fxg3 fxg5
28. Qh5 Be7 29. Ng4 Rf8 30. Kg2 Rf7 31. Rh1 Rh8 32. Qh6+ Kg8 33. Qe6 h5 34.
Nh6+ 1-0

[Event "SV Waltrop 1 - SF Brackel 4"]
[Site "Verbandsklasse - Gruppe 3 201"]
[Date "2019.05.05"]
[Round "9.8"]
[White "Schmidt, Sebastian"]
[Black "Wuebbeke, Christoph"]
[Result "1/2-1/2"]
[WhiteElo "1814"]
[BlackElo "1868"]
[PlyCount "69"]
[EventDate "2019.??.??"]

1. e4 d6 2. d4 Nf6 3. Nc3 g6 4. f3 c6 5. Be3 Qc7 6. Qd2 Nbd7 7. g4 Nb6 8. O-O-O
e5 9. h4 Be6 10. Bg5 Ng8 11. Kb1 f6 12. Be3 Nc4 13. Bxc4 Bxc4 14. Nge2 O-O-O
15. h5 gxh5 16. Rxh5 b5 17. Ng3 Ne7 18. Qf2 Rd7 19. Nce2 Bf7 20. Rh2 Qa5 21. a3
Qa4 22. Nc3 Qa5 23. Bd2 Qb6 24. dxe5 Qxf2 25. Rxf2 fxe5 26. Bg5 Rg8 27. Bxe7
Bxe7 28. Nf5 Bf8 29. Rfd2 Kc7 30. Rh2 Bg6 31. Rdh1 a5 32. b4 axb4 33. axb4 d5
34. exd5 cxd5 35. Rd1 1/2-1/2

[Event "Weiße Dame Borbeck 1 - SV Mülheim-Nord"]
[Site "Regionalliga 2018/2019"]
[Date "2019.05.19"]
[Round "10.2"]
[White "Hillenbrand, Michael"]
[Black "Ozerov, Ilja"]
[Result "1/2-1/2"]
[WhiteElo "2078"]
[BlackElo "2175"]
[PlyCount "71"]
[EventDate "2019.??.??"]

1. c4 f5 2. Nc3 Nf6 3. g3 g6 4. Bg2 Bg7 5. d4 d6 6. e3 O-O 7. Nge2 Nc6 8. Rb1
e5 9. b4 Qe8 10. O-O g5 11. b5 Nd8 12. dxe5 dxe5 13. Nd5 Qf7 14. Bb2 c6 15.
Nxf6+ Bxf6 16. Qa4 Be6 17. Rbc1 c5 18. Rfd1 e4 19. Bxf6 Qxf6 20. Nc3 g4 21. Nd5
Bxd5 22. Rxd5 b6 23. h3 h5 24. hxg4 hxg4 25. Rcd1 Nf7 26. Rd7 Rfd8 27. Rxd8+
Rxd8 28. Rxd8+ Qxd8 29. Qxa7 Ng5 30. a4 Qd1+ 31. Kh2 Nf3+ 32. Bxf3 exf3 33.
Qxb6 Qf1 34. Qg6+ Kh8 35. Qh6+ Kg8 36. Qg6+ 1/2-1/2

[Event "Weiße Dame Borbeck 1 - SV Mülheim-Nord"]
[Site "Regionalliga 2018/2019"]
[Date "2019.05.19"]
[Round "10.3"]
[White "Mainusch, Martin"]
[Black "Klasmeier, Jens"]
[Result "1/2-1/2"]
[WhiteElo "1948"]
[BlackElo "2090"]
[Annotator "Daniel"]
[PlyCount "71"]
[EventDate "2019.??.??"]

1. Nf3 Nf6 2. g3 b6 3. Bg2 Bb7 4. d3 d5 5. O-O g6 6. Bf4 Bg7 7. c3 O-O 8. Re1
Nbd7 9. Qc2 Nh5 10. Bd2 e5 11. Na3 Re8 12. Rad1 Qe7 13. e4 dxe4 14. dxe4 a6 15.
Nc4 h6 16. b4 Nhf6 17. Bc1 Rad8 18. Bh3 b5 19. Na5 Ba8 20. Ba3 Nb6 21. Nd2 Nh7
22. c4 Ng5 23. Bg2 Ne6 24. c5 Nd4 25. Qc1 Na4 26. Nab3 Qe6 27. Bb2 Qg4 28. f3
Qe6 29. Ba1 Nc6 30. a3 Rd3 31. Qc2 Red8 32. Bf1 R3d7 33. Nb1 Nd4 $11 34. Nxd4
exd4 35. Bd3 h5 36. Qf2 1/2-1/2

[Event "Weiße Dame Borbeck 1 - SV Mülheim-Nord"]
[Site "Regionalliga 2018/2019"]
[Date "2019.05.19"]
[Round "10.4"]
[White "Dewenter, Ulf"]
[Black "Grodotzki, Kenneth"]
[Result "1-0"]
[WhiteElo "2122"]
[BlackElo "1976"]
[PlyCount "43"]
[EventDate "2019.??.??"]

1. d4 f5 2. Bg5 d6 3. e3 Nd7 4. Bd3 Ndf6 5. Nc3 e5 6. dxe5 dxe5 7. Bc4 Qxd1+ 8.
Rxd1 Bb4 9. Nf3 h6 10. Bxf6 gxf6 11. O-O Bxc3 12. bxc3 Bd7 13. Bf7+ Ke7 14. Nh4
Be6 15. Bg6 Rd8 16. Bh5 Rxd1 17. Ng6+ Kf7 18. Nxh8+ Kg7 19. Rxd1 Kxh8 20. Rd8
Kg7 21. Rb8 Bd5 22. c4 1-0

[Event "Weiße Dame Borbeck 1 - SV Mülheim-Nord"]
[Site "Regionalliga 2018/2019"]
[Date "2019.05.19"]
[Round "10.5"]
[White "Brockhaus, Bernd"]
[Black "Poetter, Clemens"]
[Result "0-1"]
[WhiteElo "1946"]
[BlackElo "2011"]
[PlyCount "74"]
[EventDate "2019.??.??"]

1. e4 c6 2. d4 d5 3. e5 c5 4. c3 Nc6 5. Nf3 cxd4 6. cxd4 Bg4 7. Bb5 Qb6 8. Nc3
e6 9. O-O Nge7 10. h3 Bxf3 11. Qxf3 Qxd4 12. Re1 Ng6 13. Be3 Qb4 14. a3 Qa5 15.
Rac1 Rc8 16. Bf4 Nxf4 17. Qxf4 Be7 18. Qg4 O-O 19. Bd3 Rfd8 20. Kh1 Bf8 21. f4
Ne7 22. Rcd1 g6 23. Nb5 Nf5 24. Kh2 Qa4 25. Qf3 a6 26. Nc3 Qb3 27. Bxf5 gxf5
28. Nxd5 Qxf3 29. Nf6+ Kg7 30. gxf3 Rc2+ 31. Kh1 Rxd1 32. Rxd1 Bc5 33. b4 Be3
34. Rd7 Kg6 35. h4 Bxf4 36. h5+ Kg7 37. Ne8+ Kh6 0-1

[Event "Weiße Dame Borbeck 1 - SV Mülheim-Nord"]
[Site "Regionalliga 2018/2019"]
[Date "2019.05.19"]
[Round "10.6"]
[White "Korste, Sebastian"]
[Black "Limbourg, Marina"]
[Result "1/2-1/2"]
[WhiteElo "1922"]
[BlackElo "1987"]
[Annotator "Daniel"]
[PlyCount "96"]
[EventDate "2019.??.??"]

1. d4 Nf6 2. c4 g6 3. Nc3 d5 4. cxd5 Nxd5 5. e4 Nxc3 6. bxc3 Bg7 7. Be3 c5 8.
Rc1 Qa5 9. Qd2 cxd4 10. cxd4 Qxd2+ 11. Kxd2 O-O 12. Bb5 Rd8 13. Ne2 a6 14. Ba4
Nc6 15. Bxc6 bxc6 16. Rhd1 e5 17. Ke1 Be6 18. Rc2 Rac8 19. f3 f5 20. Bg5 Re8
21. dxe5 Bxe5 22. f4 Bg7 23. e5 h6 24. Bh4 g5 25. fxg5 Bxe5 26. Kf2 Kh7 27. g3
c5 28. Nf4 Bd4+ 29. Kg2 Bd7 30. g6+ Kg7 31. Rb1 Bc6+ 32. Kh3 Be4 33. Rcb2 Bxb2
34. Rxb2 c4 35. Rb6 Rc6 36. Rb7+ Kg8 37. Rd7 Bf3 38. Be7 c3 39. Ba3 Rb6 40. Rd3
Bg4+ 41. Kh4 $11 Rc6 42. Rd7 Rc4 43. Rh7 Ra4 44. Be7 Rxe7 45. Rxe7 Rxa2 46. h3
Rh2 47. Re8+ Kg7 48. Re7+ Kg8 1/2-1/2